Focus sur: Isumbras IV Touque - Tolkien - Statistiques

Statistiques générales
  • Ce quiz a été pris 3 fois
  • Le résultat moyen est 7 sur 21
Statistiques - réponses
Informations recherchées Réponses % Correct
Contrée Comté
100%
Espèce Hobbit
100%
Première mention Le Seigneur des Anneaux: La Communauté de l'Anneau
100%
Profession et titre Thain du Comté
100%
Autre traduction du nom Touc
100%
Age durant lequel il vécut Troisième
100%
Ville Bourg-de-Touque
67%
Père Gerontius Touque
33%
Frères Hildigard Touque
33%
Mère Adamanta Fouineur
0%
Belladonna Touque
0%
Donnamira Touque
0%
Fils Fortinbras Touque
0%
Hildibrand Touque
0%
Hildifons Touque
0%
Hildigrim Touque
0%
Isembard Touque
0%
Isembold Touque
0%
Isengar Touque
0%
Isengrim Touque
0%
Sœurs Mirabella Touque
0%
Aucun quiz correspondant
Distribution des résultats
% des personnes avec chaque résultat
Percentile par nombre de réponses
Votre historique - résultats
Vous n’avez pas pris ce quiz